| 000 | 01217nam a2200385 c 4500 | ||
|---|---|---|---|
| 001 | 53689 | ||
| 003 | ES-MaCES | ||
| 005 | 20250424103833.0 | ||
| 008 | 250421s2025 sp 000 | spa d | ||
| 017 |
_aAB 21-2025 _bDL |
||
| 020 | _a9788419574701 | ||
| 040 |
_aES-MaCES _bspa _cES-MaCES |
||
| 100 | 1 |
_97303 _aBaylos Grau, Antonio |
|
| 245 | 1 | 0 |
_aSindicalismo y derecho sindical _cAntonio Baylos Grau |
| 250 | _a9ª ed. rev | ||
| 260 |
_aAlbacete _bBomarzo _c2025 |
||
| 300 |
_a158 p. _c21 cm |
||
| 490 | 1 |
_aBásicos de Derecho social _v1 |
|
| 504 | _aBibliografía comentada: p. 141-148 | ||
| 541 | _cCompra | ||
| 650 | 4 |
_asindicalismo _929453 |
|
| 650 | 4 |
_alibertad sindical _927177 |
|
| 650 | 4 |
_arepresentación de los trabajadores _928379 |
|
| 650 | 4 |
_aconflicto de trabajo _928367 |
|
| 650 | 4 |
_ahuelga _928376 |
|
| 650 | 4 |
_aconvenio colectivo _928361 |
|
| 650 | 4 |
_aEspaña _926964 |
|
| 650 | 4 |
_aderecho del trabajo _927165 |
|
| 650 | 4 |
_arégimen jurídico _929894 |
|
| 653 | 1 | 0 | _aDerecho del trabajo y Seguridad Social |
| 775 | 0 |
_tSindicalismo y derecho sindical _w(ES-MaCES)51974 |
|
| 830 | 0 |
_aBásicos de Derecho social _v1 _933978 |
|
| 902 | _aLIB Libro | ||
| 942 |
_2CES _cBK _h6.0.1. |
||
| 999 |
_c53689 _d53689 |
||